<?xml version="1.0" encoding="UTF-8"?>
<record
    xmlns:xsi="http://www.w3.org/2001/XMLSchema-instance"
    xsi:schemaLocation="http://www.loc.gov/MARC21/slim http://www.loc.gov/standards/marcxml/schema/MARC21slim.xsd"
    xmlns="http://www.loc.gov/MARC21/slim">

  <leader>02533cam a2200349 a 4500</leader>
  <controlfield tag="003">EG-GiCUC</controlfield>
  <controlfield tag="005">20250223032118.0</controlfield>
  <controlfield tag="008">181119s2018    ua d   f m    000 0 eng d</controlfield>
  <datafield tag="040" ind1=" " ind2=" ">
    <subfield code="a">EG-GiCUC</subfield>
    <subfield code="b">eng</subfield>
    <subfield code="c">EG-GiCUC</subfield>
  </datafield>
  <datafield tag="041" ind1="0" ind2=" ">
    <subfield code="a">eng</subfield>
  </datafield>
  <datafield tag="049" ind1=" " ind2=" ">
    <subfield code="a">Deposite</subfield>
  </datafield>
  <datafield tag="097" ind1=" " ind2=" ">
    <subfield code="a">Ph.D</subfield>
  </datafield>
  <datafield tag="099" ind1=" " ind2=" ">
    <subfield code="a">Cai01.24.03.Ph.D.2018.Ma.L</subfield>
  </datafield>
  <datafield tag="100" ind1="0" ind2=" ">
    <subfield code="a">Mahmoud Esmail Mohamed Alalfy</subfield>
  </datafield>
  <datafield tag="245" ind1="1" ind2="0">
    <subfield code="a">Laser based detection of maternal plasma cell free fetal DNA for early fetal sex determination / </subfield>
    <subfield code="c">Mahmoud Esmail Mohamed Alalfy ; Supervised Mohamed Amr Hussein Elnoury , Osama Mahmoud Azmy , Jehan Mohamed Alsharnoubi</subfield>
  </datafield>
  <datafield tag="246" ind1="1" ind2="5">
    <subfield code="a">&#x627;&#x644;&#x62A;&#x62D;&#x62F;&#x64A;&#x62F; &#x627;&#x644;&#x645;&#x628;&#x643;&#x631;&#x644;&#x62C;&#x646;&#x633; &#x627;&#x644;&#x62C;&#x646;&#x64A;&#x646; &#x628;&#x625;&#x633;&#x62A;&#x62E;&#x62F;&#x627;&#x645; &#x62A;&#x642;&#x646;&#x64A;&#x647; &#x627;&#x644;&#x644;&#x64A;&#x632;&#x631; &#x644;&#x644;&#x62D;&#x627;&#x645;&#x636; &#x627;&#x644;&#x646;&#x648;&#x648;&#x649; &#x627;&#x644;&#x62C;&#x646;&#x64A;&#x646;&#x649; &#x627;&#x644;&#x62D;&#x631; &#x627;&#x644;&#x645;&#x648;&#x62C;&#x648;&#x62F; &#x641;&#x649; &#x628;&#x644;&#x627;&#x632;&#x645;&#x627; &#x62F;&#x645; &#x627;&#x644;&#x623;&#x645;</subfield>
  </datafield>
  <datafield tag="260" ind1=" " ind2=" ">
    <subfield code="a">Cairo : </subfield>
    <subfield code="b">Mahmoud Esmail Mohamed Alalfy , </subfield>
    <subfield code="c">2018</subfield>
  </datafield>
  <datafield tag="300" ind1=" " ind2=" ">
    <subfield code="a">173 P. : </subfield>
    <subfield code="b">charts ; </subfield>
    <subfield code="c">25cm </subfield>
  </datafield>
  <datafield tag="502" ind1=" " ind2=" ">
    <subfield code="a">Thesis (Ph.D.) - Cairo University - National Institute of Laser - Department of Laser Application in Medical and Biological </subfield>
  </datafield>
  <datafield tag="520" ind1=" " ind2=" ">
    <subfield code="a">Enhancement of DNA detection assays increases the use of  non-invasive prenatal diagnosis that consequently enhances the supervision plan of pregnant woman  with genetic disorder that could have an expected babies with this disorder. Aim of work: current work was planned to examine plasma of  pregnant women starting from 6 th week of the pregnancy for Cell-free fetal DNA,  to determine embryonic sex type with consequent prospect of  detection of fetal anomalies such as sex-linked genetic abnormalities . Method: samples collected from 6 th  week  till 11 th  week  of pregnancy according to pregnancy age   and tested using Real time PCR for determination of fetal sex Results: testing of samples resulted   in detection of   fetal  sex starting from  6th week and the later  the gestational age ,the better the  result  for detection of fetal  sex . all results  were confirmed by Ultrasound  scan  and  neonatal outcome. Testing results revealed PCR detection for 58 males and 92 females with confusion in one  fetus  due to non identical twins </subfield>
  </datafield>
  <datafield tag="530" ind1=" " ind2=" ">
    <subfield code="a">Issued also as CD</subfield>
  </datafield>
  <datafield tag="653" ind1=" " ind2="4">
    <subfield code="a">DNA </subfield>
  </datafield>
  <datafield tag="653" ind1=" " ind2="4">
    <subfield code="a">Maternal plasma </subfield>
  </datafield>
  <datafield tag="653" ind1=" " ind2="4">
    <subfield code="a">Sex determination </subfield>
  </datafield>
  <datafield tag="700" ind1="0" ind2=" ">
    <subfield code="a">Jehan Mohamed Alsharnoubi , </subfield>
    <subfield code="e">Supervised</subfield>
  </datafield>
  <datafield tag="700" ind1="0" ind2=" ">
    <subfield code="a">Mohamed Amr Hussein Elnoury , </subfield>
    <subfield code="e">Supervised</subfield>
  </datafield>
  <datafield tag="700" ind1="0" ind2=" ">
    <subfield code="a">Osama Mahmoud Azmy , </subfield>
    <subfield code="e">Supervised</subfield>
  </datafield>
  <datafield tag="856" ind1=" " ind2=" ">
    <subfield code="u">http://172.23.153.220/th.pdf</subfield>
  </datafield>
  <datafield tag="905" ind1=" " ind2=" ">
    <subfield code="a">Nazla</subfield>
    <subfield code="e">Revisor</subfield>
  </datafield>
  <datafield tag="905" ind1=" " ind2=" ">
    <subfield code="a">Shimaa</subfield>
    <subfield code="e">Cataloger</subfield>
  </datafield>
  <datafield tag="942" ind1=" " ind2=" ">
    <subfield code="2">ddc</subfield>
    <subfield code="c">TH</subfield>
  </datafield>
  <datafield tag="999" ind1=" " ind2=" ">
    <subfield code="c">68619</subfield>
    <subfield code="d">68619</subfield>
  </datafield>
  <datafield tag="952" ind1=" " ind2=" ">
    <subfield code="2">ddc</subfield>
    <subfield code="7">0</subfield>
    <subfield code="a">CUCL</subfield>
    <subfield code="b">cl210</subfield>
    <subfield code="d">2024-02-11</subfield>
    <subfield code="o">Cai01.24.03.Ph.D.2018.Ma.L</subfield>
    <subfield code="p">01010110076375000</subfield>
    <subfield code="r">2023-09-22 00:00:00</subfield>
    <subfield code="y">TH</subfield>
  </datafield>
  <datafield tag="952" ind1=" " ind2=" ">
    <subfield code="2">ddc</subfield>
    <subfield code="7">0</subfield>
    <subfield code="a">CUCL</subfield>
    <subfield code="b">cl2u8</subfield>
    <subfield code="d">2024-02-11</subfield>
    <subfield code="o">Cai01.24.03.Ph.D.2018.Ma.L</subfield>
    <subfield code="p">01020110076375000</subfield>
    <subfield code="r">2023-09-22 00:00:00</subfield>
    <subfield code="t">76375.CD     </subfield>
    <subfield code="y">CD</subfield>
  </datafield>
</record>
